Представление документа в формате RUSMARC

ПолеНазваниеЗначение
  Тип записи a
  Библиографический уровень m
001 Контрольный номер RU/SLIB/B/208760220
005 Дата корректировки 20201206204212.8
010 Индекс ISBN __
a ISBN 5-94692-450-8
d Цена 135-00
021 № государственной регистрации __
b № документа 2003-19527
b № документа 894
100 Данные общей обработки __
a Данные общей обработки 19030530d2003 |||y0rusy0189 ca
101 Язык документа 0_
a Язык текста rus
c Язык оригинала rus
102 Страна публикации __
a Страна публикации RU
105 Кодированные данные (монография) __
a Кодированные данные (монография) y |||||||zy
200 Заглавие и сведения об ответственности 1_
a Заглавие Все налоги России
e Сведения, относящиеся к заглавию коммент. : федер. налоги и сборы, регион. налоги и сборы, местные налоги и сборы : [по состоянию на 1 янв. 2003 г.]
f Первые сведения об ответственности С. А. Уваров
b Общее обозначение материала Текст
210 Выходные данные __
a Место издания М.
c Издательство Экзамен
d Дата издания 2003
215 Физическое описание __
a Объем 429, [1] с.
330 Аннотация __
a Аннотация Рассмотрена налоговая система РФ, комментарий по исчислению и уплате всех видов налогов. Для аудиторов, бухгалтеров, студентов.
606 Тематические рубрики __
a Основная рубрика Экономика
y Географическая подрубрика Российская Федерация ; РФ ; Россия
606 Тематические рубрики __
a Основная рубрика Финансовая система
610 Ключевые слова __
a Ключевые слова налоги; налоговая система; налогообложение; федеральные налоги; региональные налоги; местные налоги; сборы налогов; земельный налог; транспортный налог; целевые сборы; регистрационные сборы
686 Индексы других классификаций __
a Классификационный индекс 65.261.411(2Рос)
700 Автор _1
a Фамилия Уваров
b Имя С. А.
g Полное личное имя Сергей Артурович
4 Код отношения 070
801 Источник записи _0
a Страна RU
b Организация Муниципальное бюджетное учреждение культуры "Централизованная библиотечная система" г. Сургут (Центральная городская библиотека им. А. С. Пушкина)
c Дата составления 20030530
g Правила каталогизации КиК/Котельникова
801 Источник записи _1
a Страна RU
b Организация Муниципальное бюджетное учреждение культуры "Централизованная библиотечная система" г. Сургут (Центральная городская библиотека им. А. С. Пушкина)
c Дата составления 20030530
g Правила каталогизации КиК/Котельникова
852 Данные о местонахождении __
j Шифр хранения 65.261.411(2Рос)
c Каталожный индекс 65.261.4(2Рос)
i Авторский знак У 18
901 Тип документа __
t Тип документа m
903 Характеристики (МАРС) __
a Дата передачи 20050118
990 Данные о заказе (DOS) __
j Количество экземпляров (DOS) 1
t N записи в КСУ для И/У (DOS) 200501